00672nam a22002175i 45000010009000000050017000090080041000260100017000670200043000840200038001270400023001650420008001880500027001961000021002232450101002442500017003452600045003622630009004073000024004165210014004401779029420140929091628.0130625s2014 cau 000 0 eng  a 2013943691 a9781446267868 (hardcover : alk. paper) a9781446267875 (pbk. : alk. paper) aDLCbengerdacDLC apcc aLB 1139.27b.N976 20141 aNutbrown, Cathy.10aEarly childhood education :bhistory, philosophy and experience /cCathy Nutbrown, Peter Clough. a2nd edition. aLondon :bSAGE Publication Ltd.,cc2014. a1402 a203 pages :c24 cm. aEducation